| 000 | 005470000a22001930004500 | ||
|---|---|---|---|
| 003 | LK-CoMWRAF | ||
| 005 | 20231206143801.0 | ||
| 008 | 230817t2005 ||||| |||| 00| 0 eng d | ||
| 020 | _a9789558095928 | ||
| 040 |
_aLK-CoMWRAF _dLK-CoMWRAF _eLK-CoMWRAF |
||
| 041 | _aeng | ||
| 082 |
_a954.93 _bDE |
||
| 100 | _aDe Silva, K.M. | ||
| 245 | _aA history of Sri Lanka | ||
| 260 |
_aColombo: _bVijitha Yapa publications, _c2005 |
||
| 300 |
_axvii, 782 p., : ill. ; 22 cm. _bBibliography and index included |
||
| 650 | _aHISTORY-Sri Lanka | ||
| 942 | _cBK | ||
| 999 |
_c2512 _d2512 |
||